Strategies for sustainable development : (Record no. 3225)

MARC details
000 -LEADER
fixed length control field 00600nam a22002057a 4500
003 - CONTROL NUMBER IDENTIFIER
control field OSt
005 - DATE AND TIME OF LATEST TRANSACTION
control field 20160310131838.0
008 - FIXED-LENGTH DATA ELEMENTS--GENERAL INFORMATION
fixed length control field 160310b xxu||||| |||| 00| 0 eng d
020 ## - INTERNATIONAL STANDARD BOOK NUMBER
International Standard Book Number 1856496422
040 ## - CATALOGING SOURCE
Transcribing agency 040a
082 ## - DEWEY DECIMAL CLASSIFICATION NUMBER
Classification number 338.9
Item number STR 1999
245 ## - TITLE STATEMENT
Title Strategies for sustainable development :
Remainder of title experiences from the pacific /
Statement of responsibility, etc. John Overton, Regina Scheyvens
260 ## - PUBLICATION, DISTRIBUTION, ETC. (IMPRINT)
Place of publication, distribution, etc. London
Name of publisher, distributor, etc. Zed Books
Date of publication, distribution, etc. 1999
300 ## - PHYSICAL DESCRIPTION
Extent xiv, 306p;
Other physical details ill :
Dimensions 10 cm
504 ## - BIBLIOGRAPHY, ETC. NOTE
Bibliography, etc Includes index
650 ## - SUBJECT ADDED ENTRY--TOPICAL TERM
Topical term or geographic name as entry element Development
9 (RLIN) 612
700 ## - ADDED ENTRY--PERSONAL NAME
Personal name Overton, John
9 (RLIN) 7243
700 ## - ADDED ENTRY--PERSONAL NAME
Personal name Scheyvens, Regina
9 (RLIN) 7244
942 ## - ADDED ENTRY ELEMENTS (KOHA)
Source of classification or shelving scheme Dewey Decimal Classification
Koha item type Short Loan
Holdings
Withdrawn status Lost status Source of classification or shelving scheme Damaged status Not for loan Home library Current library Date acquired Inventory number Total Checkouts Full call number Barcode Date last seen Price effective from Koha item type Source of acquisition
    Dewey Decimal Classification     MUST Main Library MUST Main Library 10/03/2016 2003/19355   338.9 STR 1999 2016-0413 10/03/2016 10/03/2016 Short Loan  
    Dewey Decimal Classification     MUST Main Library MUST Main Library 22/04/2016 03/19355.   338.9 STR 1999 2016-1146. 22/04/2016 22/04/2016 Short Loan